000
00314 a2200145 4500
001
168791
020
_a
040
_c
Magnum
100
_a
Joly-Berbesson, F.
240
1
0
_a
Bautista y el dentista
_l
ESP
245
1
0
_a
Bautista y el dentista
362
0
_a
1899
697
_a
LITERATURA ESTRANGEIRA
942
_c
BK
999
_c
168791
_d
168791